Statistics for Great Northern War

Click here to take the quiz!

General Stats

  • This quiz has been taken 8 times
  • The average score is 7 of 18

Answer Stats

HintAnswer% Correct
The losing side this war in which was defeated by an alliance of Denmark, Poland, and Russia.Swedish Empire
100%
The century which the Great Northern War took place18th century
88%
The russian city founded during this war, later becoming the capital of RussiaSt. Petersburg
88%
The king of Russia during the warPeter the Great
75%
The battle where swedish forces relieved a siege during a snowstorm, the russians conquered the namesake city years laterBattle of Narva
63%
The king of Swedish empire during the warCharles XII
63%
The turning point of the war, where swedish force was decisively defeated by russians, later surrended at PerevolochnaBattle of Poltava
50%
The country that the swedish king fled to after his defeat in the previous battleOttoman Empire
50%
The king of Polish-lithuanian commonwealth who had to renounce his throne in favor of Stanisław Leszczyński, nicknamed "the strong"Augustus II
38%
The region where the russian brutal occupation during this war was known as the “Greater Wrath.”Finland
38%
The Cossack leader which allied with Sweden, but later crushed by RussiansIvan Mazepa
25%
The period of democracy Sweden entered after the warAge of Liberty
13%
The livonian nobleman charged with treason for defecting during this war, later crushed on a breaking wheelJohann Patkul
13%
The last peace treaty which concluded the war, giving Russia Livonia and IngriaTreaty of Nystad
13%
The place where the swedish king was killed while inspecting trenches during the namesake siege.Fredriksten
0%
The vessel which is kept by the russians to commemorate their victory at a battle of the same nameGangut
0%
The peace treaty that signed during the outset of the war, demanding Denmark to return Holstein-Gottorp to its duke, a Swedish ally, and to leave the anti-Swedish alliance.Peace of Travendal
0%
The peace treaty that forced the previous Polish king to abdicateTreaty of Altranstädt
0%

Score Distribution

Percentile by Number Answered

Percent of People with Each Score

Your Score History

You have not taken this quiz